| 000 | 00368nam a2200133Ia 4500 | ||
|---|---|---|---|
| 005 | 20260328101442.0 | ||
| 008 | 260328s9999||||xx |||||||||||||| ||und|| | ||
| 100 | _aPrenzel, Rudolf | ||
| 245 | 0 |
_aDiseño y técnica de la Representación en Arquitectura / _cRudolf Prenzel |
|
| 260 | _bGustavo Gili | ||
| 300 | _a120 p. | ||
| 650 | _aDIBUJO ARQUITECTÓNICO | ||
| 942 | _cBK | ||
| 999 |
_c8327 _d8327 |
||